Eastern Utah Libraries Catalog: Duchesne, Heber, Roosevelt, & Vernal

What not to do if you turn invisible / (Record no. 360744)

MARC details
000 -LEADER
fixed length control field 01742pam a2200397 i 4500
001 - CONTROL NUMBER
control field on1006517019
003 - CONTROL NUMBER IDENTIFIER
control field OCoLC
005 - DATE AND TIME OF LATEST TRANSACTION
control field 20210423130644.0
008 - FIXED-LENGTH DATA ELEMENTS--GENERAL INFORMATION
fixed length control field 170912r20182016nyu c 000 1 eng
010 ## - LIBRARY OF CONGRESS CONTROL NUMBER
LC control number 2017037018
020 ## - INTERNATIONAL STANDARD BOOK NUMBER
International Standard Book Number 9780399551529
Qualifying information (trade)
020 ## - INTERNATIONAL STANDARD BOOK NUMBER
International Standard Book Number 0399551522
020 ## - INTERNATIONAL STANDARD BOOK NUMBER
International Standard Book Number 9780399551536
Qualifying information (glb)
020 ## - INTERNATIONAL STANDARD BOOK NUMBER
International Standard Book Number 0399551530
040 ## - CATALOGING SOURCE
Original cataloging agency DLC
Language of cataloging eng
Description conventions rda
Transcribing agency DLC
Modifying agency BDX
-- YDX
-- OCLCQ
-- ORX
-- GCmBT
092 ## - LOCALLY ASSIGNED DEWEY CALL NUMBER (OCLC)
Classification number junior ficiton
Item number Welford
100 1# - MAIN ENTRY--PERSONAL NAME
Personal name Welford, Ross,
Relator term author.
9 (RLIN) 6004625
245 10 - TITLE STATEMENT
Title What not to do if you turn invisible /
Statement of responsibility, etc Ross Welford.
250 ## - EDITION STATEMENT
Edition statement First U.S. edition.
264 #1 - Production, Publication, Distribution, Manufacture, and Copyright Notice.
Place of production, publication, distribution, manufacture New York :
Name of producer, publisher, distributor, manufacturer Schwartz & Wade Books,
Date of production, publication, distribution, manufacture, or copyr [2018]
300 ## - PHYSICAL DESCRIPTION
Extent 422 pages ;
Dimensions 22 cm.
336 ## - Content Type
Content type term text
337 ## - Media type
Media type term unmediated
338 ## - Carrier type
Carrier type term volume
500 ## - GENERAL NOTE
General note "Originally published in paperback by HarperCollins Children's Books, London, in 2016"--Title page verso.
520 ## - SUMMARY, ETC.
Summary, etc When thirteen-year-old Ethel Leatherhead becomes invisible, her best friend, Boydy, helps keep her secret while she seeks a way to become visible again, keep herself safe, and solve the mystery of her birth.
650 #0 - SUBJECT ADDED ENTRY--TOPICAL TERM
Topical term or geographic name as entry element Invisibility
Form subdivision Juvenile fiction.
9 (RLIN) 5768573
650 #0 - SUBJECT ADDED ENTRY--TOPICAL TERM
Topical term or geographic name as entry element Secrecy
Form subdivision Juvenile fiction.
9 (RLIN) 5673924
650 #0 - SUBJECT ADDED ENTRY--TOPICAL TERM
Topical term or geographic name as entry element Acne
Form subdivision Juvenile fiction.
9 (RLIN) 6414644
650 #0 - SUBJECT ADDED ENTRY--TOPICAL TERM
Topical term or geographic name as entry element Grandmothers
Form subdivision Juvenile fiction.
9 (RLIN) 5683771
650 #0 - SUBJECT ADDED ENTRY--TOPICAL TERM
Topical term or geographic name as entry element Identity (Psychology)
Form subdivision Juvenile fiction.
9 (RLIN) 5673925
650 #0 - SUBJECT ADDED ENTRY--TOPICAL TERM
Topical term or geographic name as entry element Adventure stories
Form subdivision Juvenile fiction.
9 (RLIN) 5766234
776 08 - ADDITIONAL PHYSICAL FORM ENTRY
Display text Online version:
Main entry heading Welford, Ross.
Title What not to do if you turn invisible.
Edition First U.S. edition.
Place, publisher, and date of publication New York : Schwartz & Wade Books, [2018]
International Standard Book Number 9780399551543
Record control number (DLC) 2017049585.
907 ## - LOCAL DATA ELEMENT G, LDG (RLIN)
a .b39815160x
942 ## - ADDED ENTRY ELEMENTS (KOHA)
Source of classification or shelving scheme Dewey Decimal Classification
Koha item type BOOK
Holdings
Withdrawn status Lost status Source of classification or shelving scheme Damaged status Not for loan Collection code Home library Current library Shelving location Date acquired Source of acquisition Total Checkouts Total Renewals Full call number Barcode Date last seen Date checked out Cost, replacement price Price effective from Koha item type
    Dewey Decimal Classification     Junior Fiction Wasatch County Library Wasatch County Library Main Floor Junior Area 04/23/2021 Micromarketing 9 7 J Welford 34301001674441 02/23/2024 06/15/2023 16.99 04/23/2021 BOOK
This project was made possible through a grant from the Institute of Museum and Library Service administered by the Utah State Library Division.

Wasatch County Library

  • 465 East 1200 South, Heber City, Utah 84032
  • Phone 435-654-1511 | Fax 435-654-6456

Hours

  • Monday - Friday 9:30 AM - 8:00 PM
  • Saturday 9:30 AM - 1:30 PM
  • Closed Sundays and Holidays